Pays colonisés par les Vikings - Statistiques

Statistiques générales
  • Ce quiz a été pris 1 675 fois
    1 618 depuis la dernière actualisation
  • Le résultat moyen est 18 sur 23
Statistiques - réponses
Date de règlement Pays % Correct
900-1000 France
98%
Before 800 Norvége
97%
Before 800 Suéde
97%
800-900 Royaume-Uni
96%
800-900 Russie
96%
Before 800 Danemark
95%
Before 800 Finlande (Åland)
95%
Before 800 Allemagne
93%
800-900 Islande
93%
800-900 Irlande
88%
Before 800 Estonie
86%
800-900 Pologne
86%
800-900 Lettonie
85%
800-900 Lituanie
84%
1000- Italie
78%
1000- Canada
76%
900-1000 Ukraine
71%
900-1000 Biélorussie
69%
1000- Turquie / Bulgarie
63%
1000- Maroc
54%
1000- Algerie
52%
1000- Tunisie
51%
1000- Malte
38%
Aucun quiz correspondant
Distribution des résultats
% des personnes avec chaque résultat
Percentile par nombre de réponses
Votre historique - résultats
Vous n’avez pas pris ce quiz depuis la dernière actualisation